00803nac a22002051u 4500010001600000020001600016082001800032090001500050100003400065245005600099260005300155300003600208440007700244504005100321650003700372650004700409942002000456999001500476952010600491 a 89026465 a0134683641:00a670.285bK972 c4528d4528 aKusiak, Andrew. 10aIntelligent manufacturing systems /cAndrew Kusiak. aEnglewood Cliffs, N.J. :bPrentice Hall,cc1990. axviii, 443 p. :bill. ;c24 cm. 0aPrentice Hall international series in industrial and systems engineering aIncludes bibliographical references and index. 0aProduction planningxAutomation. 0aComputer integrated manufacturing systems. cBBk670.285K972 c4528d4528 00104070aMAINbMAINc1STd2009-09-07ePurchasel0o670.285 KUSp000005313r2025-07-15 00:00:00yBB